00498nam a22001457a 450000500170000000800410001702000180005804100090007608200150008510000160010024500780011626000300019430000190022465001090024320250325104945.0250325b |||||||| |||| 00| 0 eng d a9781647286927 aEng. a371.90 MOR aMorgan, Eva aInclusion and Equality in Education Strategies Challenges and Innovations aUSAbWillford Pressc2024 a252;. P. 23 cm aInclusive Education; Individualized Instruction-; Instructional Systems-Design; Educational Technology